| 000 | 00541cam a22001811 04500 | ||
|---|---|---|---|
| 001 | 45435 | ||
| 090 | _a45435 | ||
| 100 | _a19931217d1944 km y0pory5003 ba | ||
| 101 | 0 | _apor | |
| 102 | _aPT | ||
| 200 | 1 |
_aPoesia da natureza Animais migradores _fAntónio de Oliveira Matos |
|
| 210 | 9 |
_aLisboa _cEdições Cosmos, _d[D.L. 1944] |
|
| 215 |
_a127, [1] p. _cil. _d19 cm |
||
| 225 | 2 |
_aBiblioteca "Cosmos" _v53. _i1.ª Seccão _eciências e técnicas _v24 |
|
| 675 | _a59 | ||
| 700 | 1 |
_aMatos, _bAntónio de Oliveira, _f1867-1948 |
|
| 801 | 0 |
_aPT _bBN _gRPC |
|
| 990 | _cMON | ||